[Event "DEM U18w 2020"]
[Site "Willingen GER"]
[Date "2020.10.23"]
[Round "6"]
[White "Köpke, Carolina"]
[Black "Dietz, Helena"]
[Result "1-0"]
[Termination "normal"]
[Board "9"]
[WhiteElo "1486"]
[BlackElo "1463"]
[WhiteClock "00:02:16"]
[BlackClock "00:00:47"]
[PlyCount "75"]
[WhiteFideId "16288874"]
[BlackFideId "16239016"]
[EventCountry "GER"]
[EventRounds "7"]
[EventType "swiss"]
[EventDate "2020.10.19"]

1. d4 {[%clk 1:30:53]} Nf6 {[%clk 1:30:53]} 2. Nc3 {[%clk 1:31:03]} g6 {[%clk
1:31:02]} 3. e4 {[%clk 1:31:03]} d6 {[%clk 1:31:20]} 4. Bg5 {[%clk 1:30:29]}
Bg7 {[%clk 1:31:35]} 5. e5 {[%clk 1:29:52]} Nfd7 {[%clk 1:27:00]} 6. f4 {[%clk
1:29:30]} O-O {[%clk 1:25:31]} 7. Nf3 {[%clk 1:29:06]} dxe5 {[%clk 1:22:00]} 8.
fxe5 {[%clk 1:27:38]} Nb6 {[%clk 1:11:01]} 9. Ne4 {[%clk 1:23:35]} Bg4 {[%clk
0:59:19]} 10. c3 {[%clk 1:18:53]} Nc6 {[%clk 0:54:26]} 11. h3 {[%clk 1:10:14]}
Bf5 {[%clk 0:50:06]} 12. Nc5 {[%clk 1:05:48]} Rb8 {[%clk 0:46:04]} 13. Bd3
{[%clk 0:55:24]} Bxd3 {[%clk 0:44:45]} 14. Qxd3 {[%clk 0:54:57]} h6 {[%clk
0:34:56]} 15. Be3 {[%clk 0:53:07]} Nd5 {[%clk 0:32:28]} 16. Bd2 {[%clk
0:43:38]} e6 {[%clk 0:27:04]} 17. h4 {[%clk 0:41:35]} Nde7 {[%clk 0:26:15]} 18.
Qc2 {[%clk 0:34:13]} Qd5 {[%clk 0:20:45]} 19. h5 {[%clk 0:30:24]} Nxe5 {[%clk
0:14:51]} 20. Nxe5 {[%clk 0:26:28]} Bxe5 {[%clk 0:15:04]} 21. Bxh6 {[%clk
0:25:03]} Bg7 {[%clk 0:11:40]} 22. hxg6 {[%clk 0:22:13]} Nxg6 {[%clk 0:09:52]}
23. Qd2 {[%clk 0:18:13]} b6 {[%clk 0:04:53]} 24. Nd3 {[%clk 0:12:49]} Rbd8
{[%clk 0:04:56]} 25. Bxg7 {[%clk 0:10:48]} Kxg7 {[%clk 0:05:24]} 26. Nf4 {[%clk
0:10:10]} Qe4+ {[%clk 0:05:31]} 27. Ne2 {[%clk 0:09:35]} Qxg2 {[%clk 0:02:35]}
28. O-O-O {[%clk 0:06:52]} Rh8 {[%clk 0:02:14]} 29. Rhg1 {[%clk 0:06:58]} Qd5
{[%clk 0:01:34]} 30. Nf4 {[%clk 0:06:21]} Qxa2 {[%clk 0:01:29]} 31. Nxg6 {[%clk
0:06:08]} fxg6 {[%clk 0:01:57]} 32. Qg5 {[%clk 0:06:27]} Qa1+ {[%clk 0:01:32]}
33. Kc2 {[%clk 0:06:51]} Qa4+ {[%clk 0:01:48]} 34. Kb1 {[%clk 0:07:11]} Qe8
{[%clk 0:02:04]} 35. Qe5+ {[%clk 0:05:40]} Kg8 {[%clk 0:02:24]} 36. Qxc7 {[%clk
0:05:33]} Rd7 {[%clk 0:02:45]} 37. Qf4 {[%clk 0:03:40]} Rg7 {[%clk 0:00:47]}
38. Rde1 {[%clk 0:02:16]} 1-0

[Event "DEM U18w 2020"]
[Site "Willingen GER"]
[Date "2020.10.23"]
[Round "6"]
[White "Kühne, Maria"]
[Black "Rempe, Janne"]
[Result "0-1"]
[Termination "normal"]
[Board "10"]
[WhiteElo "1590"]
[BlackElo "1517"]
[WhiteClock "00:02:22"]
[BlackClock "00:05:53"]
[PlyCount "76"]
[WhiteFideId "12997412"]
[BlackFideId "16202392"]
[EventCountry "GER"]
[EventRounds "7"]
[EventType "swiss"]
[EventDate "2020.10.19"]

1. e4 {[%clk 1:30:59]} d6 {[%clk 1:30:46]} 2. d4 {[%clk 1:31:25]} Nf6 {[%clk
1:30:58]} 3. Nc3 {[%clk 1:31:50]} Nbd7 {[%clk 1:30:52]} 4. Nf3 {[%clk 1:31:18]}
e5 {[%clk 1:30:34]} 5. Bc4 {[%clk 1:31:28]} Be7 {[%clk 1:29:12]} 6. Bg5 {[%clk
1:30:51]} c6 {[%clk 1:24:57]} 7. Bb3 {[%clk 1:28:35]} Qc7 {[%clk 1:22:11]} 8.
O-O {[%clk 1:27:38]} Nf8 {[%clk 1:20:45]} 9. h3 {[%clk 1:20:25]} Ng6 {[%clk
1:19:35]} 10. Be3 {[%clk 1:17:50]} O-O {[%clk 1:18:25]} 11. a4 {[%clk 1:00:00]}
Bd7 {[%clk 1:17:05]} 12. Qe2 {[%clk 0:47:21]} Qc8 {[%clk 1:14:43]} 13. Nh2
{[%clk 0:41:44]} Nh4 {[%clk 1:07:18]} 14. f4 {[%clk 0:40:59]} exd4 {[%clk
1:01:43]} 15. Bxd4 {[%clk 0:40:57]} c5 {[%clk 0:58:43]} 16. Bxf6 {[%clk
0:33:25]} Bxf6 {[%clk 0:58:33]} 17. e5 {[%clk 0:24:59]} Be7 {[%clk 0:52:35]}
18. Nd5 {[%clk 0:23:45]} Qd8 {[%clk 0:47:57]} 19. Nxe7+ {[%clk 0:19:05]} Qxe7
{[%clk 0:48:02]} 20. Qf2 {[%clk 0:18:29]} dxe5 {[%clk 0:46:32]} 21. fxe5 {[%clk
0:18:53]} Bc6 {[%clk 0:45:51]} 22. Ng4 {[%clk 0:15:48]} Bxg2 {[%clk 0:35:30]}
23. Qf4 {[%clk 0:12:17]} Bxf1 {[%clk 0:31:43]} 24. Rxf1 {[%clk 0:12:40]} Ng6
{[%clk 0:30:29]} 25. Qg3 {[%clk 0:12:39]} c4 {[%clk 0:24:50]} 26. Ba2 {[%clk
0:13:06]} Qc5+ {[%clk 0:20:27]} 27. Kh2 {[%clk 0:13:01]} Rad8 {[%clk 0:19:40]}
28. Rf2 {[%clk 0:11:32]} h5 {[%clk 0:19:03]} 29. Ne3 {[%clk 0:11:27]} h4 {[%clk
0:18:32]} 30. Qg5 {[%clk 0:10:36]} Nxe5 {[%clk 0:15:07]} 31. Qf4 {[%clk
0:10:00]} Ng6 {[%clk 0:13:08]} 32. Qf3 {[%clk 0:09:19]} Rd6 {[%clk 0:11:48]}
33. Rg2 {[%clk 0:05:02]} Qe5+ {[%clk 0:10:39]} 34. Kh1 {[%clk 0:05:03]} Rf6
{[%clk 0:10:43]} 35. Qxb7 {[%clk 0:03:21]} Qxe3 {[%clk 0:10:38]} 36. Bxc4
{[%clk 0:03:00]} Rd8 {[%clk 0:08:11]} 37. Bd3 {[%clk 0:02:22]} Qxh3+ {[%clk
0:07:05]} 38. Kg1 {[%clk 0:02:22]} Nf4 {[%clk 0:05:53]} 0-1

[Event "DEM U18w 2020"]
[Site "Willingen GER"]
[Date "2020.10.24"]
[Round "7"]
[White "Peglau, Sarah"]
[Black "Schneider, Jana"]
[Result "0-1"]
[Termination "normal"]
[Board "1"]
[BlackTitle "FM"]
[WhiteElo "1699"]
[BlackElo "2270"]
[WhiteClock "00:01:33"]
[BlackClock "00:43:50"]
[PlyCount "72"]
[WhiteFideId "16219961"]
[BlackFideId "12924997"]
[EventCountry "GER"]
[EventRounds "7"]
[EventType "swiss"]
[EventDate "2020.10.19"]

1. d4 {[%clk 1:30:58]} d5 {[%clk 1:30:52]} 2. c4 {[%clk 1:31:19]} e6 {[%clk
1:31:17]} 3. Nc3 {[%clk 1:31:41]} a6 {[%clk 1:31:31]} 4. cxd5 {[%clk 1:28:56]}
exd5 {[%clk 1:31:54]} 5. Nf3 {[%clk 1:29:01]} Nf6 {[%clk 1:31:53]} 6. Bg5
{[%clk 1:27:49]} Be6 {[%clk 1:31:31]} 7. e3 {[%clk 1:27:09]} Be7 {[%clk
1:30:54]} 8. Bd3 {[%clk 1:27:03]} O-O {[%clk 1:30:54]} 9. O-O {[%clk 1:27:12]}
Nbd7 {[%clk 1:30:10]} 10. Qc2 {[%clk 1:22:54]} h6 {[%clk 1:30:22]} 11. Bh4
{[%clk 1:21:58]} Rc8 {[%clk 1:24:43]} 12. b4 {[%clk 0:56:27]} Bxb4 {[%clk
1:23:05]} 13. Rfb1 {[%clk 0:55:07]} c5 {[%clk 1:20:18]} 14. dxc5 {[%clk
0:45:20]} Qa5 {[%clk 1:18:58]} 15. Nd1 {[%clk 0:37:13]} Bxc5 {[%clk 1:07:39]}
16. Qd2 {[%clk 0:32:21]} Qxd2 {[%clk 0:56:29]} 17. Nxd2 {[%clk 0:32:48]} Ne5
{[%clk 0:54:49]} 18. Be2 {[%clk 0:31:04]} b5 {[%clk 0:55:10]} 19. Bxf6 {[%clk
0:20:10]} gxf6 {[%clk 0:55:33]} 20. a4 {[%clk 0:20:14]} Bf5 {[%clk 0:50:30]}
21. Rb3 {[%clk 0:15:51]} Nc4 {[%clk 0:48:49]} 22. Nxc4 {[%clk 0:11:44]} bxc4
{[%clk 0:46:22]} 23. Rb7 {[%clk 0:11:12]} Rb8 {[%clk 0:45:10]} 24. Rc7 {[%clk
0:09:44]} Bb4 {[%clk 0:43:30]} 25. Rc6 {[%clk 0:09:20]} a5 {[%clk 0:42:48]} 26.
Rxf6 {[%clk 0:09:05]} Bg6 {[%clk 0:42:56]} 27. Rc6 {[%clk 0:07:48]} Rfc8 {[%clk
0:43:09]} 28. Rxc8+ {[%clk 0:07:51]} Rxc8 {[%clk 0:43:35]} 29. Bg4 {[%clk
0:03:26]} Rc7 {[%clk 0:43:07]} 30. Rc1 {[%clk 0:03:08]} Bd2 {[%clk 0:43:25]}
31. Rc3 {[%clk 0:01:30]} Rb7 {[%clk 0:42:52]} 32. Kf1 {[%clk 0:00:41]} Bxc3
{[%clk 0:42:28]} 33. Nxc3 {[%clk 0:01:10]} Rb3 {[%clk 0:42:42]} 34. Nxd5 {[%clk
0:01:20]} c3 {[%clk 0:43:04]} 35. Bd1 {[%clk 0:01:13]} c2 {[%clk 0:43:25]} 36.
Bxc2 {[%clk 0:01:33]} Bxc2 {[%clk 0:43:50]} 0-1

[Event "DEM U18w 2020"]
[Site "Willingen GER"]
[Date "2020.10.24"]
[Round "7"]
[White "Kobald, Jacqueline"]
[Black "Müdder, Melanie"]
[Result "1-0"]
[Termination "normal"]
[Board "2"]
[WhiteElo "1955"]
[BlackElo "2039"]
[WhiteClock "00:06:53"]
[BlackClock "00:01:06"]
[PlyCount "81"]
[WhiteFideId "12988162"]
[BlackFideId "12994103"]
[EventCountry "GER"]
[EventRounds "7"]
[EventType "swiss"]
[EventDate "2020.10.19"]

1. e4 {[%clk 1:30:56]} c5 {[%clk 1:30:54]} 2. Nf3 {[%clk 1:31:20]} Nc6 {[%clk
1:31:17]} 3. d4 {[%clk 1:31:40]} cxd4 {[%clk 1:31:38]} 4. Nxd4 {[%clk 1:32:02]}
e5 {[%clk 1:31:58]} 5. Nb5 {[%clk 1:32:15]} d6 {[%clk 1:32:19]} 6. N1c3 {[%clk
1:32:25]} a6 {[%clk 1:32:32]} 7. Na3 {[%clk 1:32:47]} Be7 {[%clk 1:32:55]} 8.
Nc4 {[%clk 1:32:03]} b5 {[%clk 1:33:15]} 9. Ne3 {[%clk 1:32:19]} Nf6 {[%clk
1:33:36]} 10. Bd3 {[%clk 1:30:57]} O-O {[%clk 1:33:25]} 11. Ncd5 {[%clk
1:24:59]} Nxd5 {[%clk 1:26:16]} 12. exd5 {[%clk 1:19:55]} Nb8 {[%clk 1:22:49]}
13. O-O {[%clk 1:16:28]} f5 {[%clk 1:09:23]} 14. c4 {[%clk 1:11:50]} bxc4
{[%clk 0:58:49]} 15. Nxc4 {[%clk 1:12:07]} Nd7 {[%clk 0:58:15]} 16. Bd2 {[%clk
1:10:35]} Qe8 {[%clk 0:43:52]} 17. Bb4 {[%clk 1:00:35]} Qg6 {[%clk 0:39:00]}
18. Qa4 {[%clk 0:51:58]} e4 {[%clk 0:29:58]} 19. Bc2 {[%clk 0:49:47]} Rb8
{[%clk 0:28:17]} 20. f3 {[%clk 0:43:43]} Qf6 {[%clk 0:21:17]} 21. Rad1 {[%clk
0:34:53]} exf3 {[%clk 0:17:34]} 22. Rxf3 {[%clk 0:34:41]} Nb6 {[%clk 0:11:24]}
23. Nxb6 {[%clk 0:32:51]} Rxb6 {[%clk 0:11:44]} 24. Bc3 {[%clk 0:28:02]} Qh6
{[%clk 0:07:48]} 25. Rh3 {[%clk 0:26:04]} Qg6 {[%clk 0:05:53]} 26. Rg3 {[%clk
0:25:23]} Bg5 {[%clk 0:06:09]} 27. h4 {[%clk 0:25:13]} h6 {[%clk 0:06:32]} 28.
hxg5 {[%clk 0:24:11]} hxg5 {[%clk 0:06:56]} 29. Re3 {[%clk 0:21:34]} Rb7 {[%clk
0:05:52]} 30. Rde1 {[%clk 0:21:14]} Rbf7 {[%clk 0:05:01]} 31. Re8 {[%clk
0:17:58]} Kh7 {[%clk 0:04:30]} 32. Rxf8 {[%clk 0:18:05]} Rxf8 {[%clk 0:04:54]}
33. Qd4 {[%clk 0:17:20]} Rf7 {[%clk 0:04:33]} 34. Re3 {[%clk 0:12:43]} g4
{[%clk 0:03:51]} 35. Qf4 {[%clk 0:11:36]} Bd7 {[%clk 0:01:59]} 36. Qc4 {[%clk
0:09:49]} Qg5 {[%clk 0:01:11]} 37. Re1 {[%clk 0:07:47]} Kh6 {[%clk 0:00:45]}
38. Qxa6 {[%clk 0:07:09]} Qf4 {[%clk 0:00:58]} 39. Qd3 {[%clk 0:06:35]} Qg5
{[%clk 0:00:46]} 40. Bd2 {[%clk 0:06:53]} f4 {[%clk 0:01:06]} 41. Qh7# 1-0

[Event "DEM U18w 2020"]
[Site "Willingen GER"]
[Date "2020.10.24"]
[Round "7"]
[White "Sokolowski, Judith"]
[Black "Ehmann, Johanna"]
[Result "1-0"]
[Termination "normal"]
[Board "3"]
[WhiteElo "1794"]
[BlackElo "1846"]
[WhiteClock "00:02:43"]
[BlackClock "00:07:01"]
[PlyCount "131"]
[WhiteFideId "16200624"]
[BlackFideId "12953130"]
[EventCountry "GER"]
[EventRounds "7"]
[EventType "swiss"]
[EventDate "2020.10.19"]

1. e4 {[%clk 1:30:57]} b6 {[%clk 1:30:52]} 2. d4 {[%clk 1:29:51]} Bb7 {[%clk
1:31:07]} 3. Nc3 {[%clk 1:29:11]} e6 {[%clk 1:28:52]} 4. Be3 {[%clk 1:27:49]}
Bb4 {[%clk 1:28:21]} 5. Bd3 {[%clk 1:21:51]} Ne7 {[%clk 1:27:00]} 6. a3 {[%clk
1:19:19]} Bxc3+ {[%clk 1:27:15]} 7. bxc3 {[%clk 1:19:43]} O-O {[%clk 1:27:03]}
8. Nh3 {[%clk 1:11:22]} f5 {[%clk 1:22:32]} 9. f3 {[%clk 0:57:08]} Qe8 {[%clk
1:09:58]} 10. O-O {[%clk 0:55:28]} Qh5 {[%clk 1:01:47]} 11. Nf4 {[%clk
0:50:14]} Qh4 {[%clk 0:58:53]} 12. g3 {[%clk 0:40:36]} Qf6 {[%clk 0:57:33]} 13.
e5 {[%clk 0:38:26]} Qf7 {[%clk 0:56:49]} 14. h4 {[%clk 0:30:39]} Nd5 {[%clk
0:53:00]} 15. Nxd5 {[%clk 0:29:57]} Bxd5 {[%clk 0:52:39]} 16. c4 {[%clk
0:30:00]} Bb7 {[%clk 0:52:24]} 17. c3 {[%clk 0:27:39]} Nc6 {[%clk 0:51:33]} 18.
Qe2 {[%clk 0:24:41]} Ne7 {[%clk 0:41:49]} 19. g4 {[%clk 0:21:13]} d6 {[%clk
0:31:58]} 20. Bg5 {[%clk 0:15:24]} h6 {[%clk 0:30:16]} 21. Bf4 {[%clk 0:11:44]}
Ng6 {[%clk 0:24:13]} 22. Bg3 {[%clk 0:12:09]} Ne7 {[%clk 0:22:18]} 23. exd6
{[%clk 0:10:49]} cxd6 {[%clk 0:17:51]} 24. Bxd6 {[%clk 0:08:00]} Rad8 {[%clk
0:17:54]} 25. Bxe7 {[%clk 0:07:17]} Qxe7 26. Bxf5 Qxh4 {[%clk 0:16:22]} 27.
Bxe6+ {[%clk 0:07:23]} Kh8 {[%clk 0:16:26]} 28. d5 {[%clk 0:07:28]} Qg3+ {[%clk
0:15:52]} 29. Qg2 {[%clk 0:07:42]} Qf4 {[%clk 0:15:44]} 30. Qe2 {[%clk
0:06:54]} Ba6 {[%clk 0:14:56]} 31. Rf2 {[%clk 0:03:44]} Qg3+ {[%clk 0:09:41]}
32. Rg2 {[%clk 0:01:48]} Qxf3 {[%clk 0:09:11]} 33. Qxf3 {[%clk 0:01:58]} Rxf3
{[%clk 0:09:36]} 34. c5 {[%clk 0:01:30]} Rxc3 {[%clk 0:06:02]} 35. c6 {[%clk
0:01:19]} Bc8 {[%clk 0:04:13]} 36. Bxc8 {[%clk 0:01:13]} Rxc8 {[%clk 0:04:40]}
37. Rd1 {[%clk 0:01:16]} Rd8 {[%clk 0:04:23]} 38. Rgd2 {[%clk 0:01:11]} Rd6
{[%clk 0:03:36]} 39. Kh2 {[%clk 0:01:04]} b5 {[%clk 0:02:55]} 40. Rd3 {[%clk
0:01:12]} Rc4 {[%clk 0:02:24]} 41. Re1 {[%clk 0:26:23]} Kh7 {[%clk 0:30:43]}
42. Ree3 {[%clk 0:21:04]} Rd8 {[%clk 0:26:28]} 43. Kg3 {[%clk 0:14:27]} a5
{[%clk 0:24:06]} 44. Kf3 {[%clk 0:11:35]} b4 {[%clk 0:21:04]} 45. axb4 {[%clk
0:10:41]} axb4 {[%clk 0:21:25]} 46. Ke2 {[%clk 0:09:26]} Rc5 {[%clk 0:17:49]}
47. Re5 {[%clk 0:07:25]} b3 {[%clk 0:12:05]} 48. Rxb3 {[%clk 0:06:12]} Rdxd5
{[%clk 0:11:44]} 49. Rxd5 {[%clk 0:05:57]} Rxd5 {[%clk 0:12:09]} 50. Rc3 {[%clk
0:06:06]} Rd8 {[%clk 0:12:32]} 51. Kf3 {[%clk 0:05:08]} Kg6 {[%clk 0:12:00]}
52. Kf4 {[%clk 0:04:42]} Kf6 {[%clk 0:11:28]} 53. c7 {[%clk 0:04:44]} Rc8
{[%clk 0:11:30]} 54. Rc6+ {[%clk 0:04:32]} Ke7 {[%clk 0:10:08]} 55. Kf5 {[%clk
0:04:28]} Kf7 {[%clk 0:09:24]} 56. Rc3 {[%clk 0:04:17]} g6+ {[%clk 0:09:06]}
57. Ke5 {[%clk 0:04:25]} Ke7 {[%clk 0:09:03]} 58. Rc2 {[%clk 0:03:48]} h5
{[%clk 0:08:45]} 59. g5 {[%clk 0:03:50]} h4 {[%clk 0:08:38]} 60. Kd5 {[%clk
0:01:48]} Kd7 {[%clk 0:08:10]} 61. Rc4 {[%clk 0:01:25]} Rh8 {[%clk 0:07:32]}
62. c8=Q+ Rxc8 {[%clk 0:07:36]} 63. Rxh4 {[%clk 0:01:44]} Ra8 {[%clk 0:06:18]}
64. Rh7+ {[%clk 0:01:58]} Kc8 {[%clk 0:06:36]} 65. Rh8+ {[%clk 0:02:18]} Kb7
{[%clk 0:07:01]} 66. Rxa8 {[%clk 0:02:43]} 1-0

[Event "DEM U18w 2020"]
[Site "Willingen GER"]
[Date "2020.10.24"]
[Round "7"]
[White "Fock, Amina"]
[Black "Köpke, Carolina"]
[Result "1-0"]
[Termination "normal"]
[Board "5"]
[WhiteElo "1840"]
[BlackElo "1486"]
[WhiteClock "00:52:02"]
[BlackClock "00:33:27"]
[PlyCount "51"]
[WhiteFideId "12981982"]
[BlackFideId "16288874"]
[EventCountry "GER"]
[EventRounds "7"]
[EventType "swiss"]
[EventDate "2020.10.19"]

1. e4 {[%clk 1:30:57]} e5 {[%clk 1:30:52]} 2. Nf3 {[%clk 1:31:21]} Nc6 {[%clk
1:31:11]} 3. Bb5 {[%clk 1:31:44]} a6 {[%clk 1:31:27]} 4. Ba4 {[%clk 1:32:08]}
Nf6 {[%clk 1:31:42]} 5. d3 {[%clk 1:32:29]} b5 {[%clk 1:30:30]} 6. Bb3 {[%clk
1:32:52]} Be7 {[%clk 1:29:49]} 7. O-O {[%clk 1:33:06]} d6 {[%clk 1:30:02]} 8.
c3 {[%clk 1:32:59]} O-O {[%clk 1:30:14]} 9. Re1 {[%clk 1:33:04]} Na5 {[%clk
1:29:15]} 10. Bc2 {[%clk 1:33:23]} c5 {[%clk 1:29:19]} 11. Nbd2 {[%clk
1:33:14]} Re8 {[%clk 1:24:05]} 12. Nf1 {[%clk 1:32:59]} Qc7 {[%clk 1:22:04]}
13. h3 {[%clk 1:31:04]} Bb7 {[%clk 1:21:24]} 14. Ng3 {[%clk 1:29:53]} Rad8
{[%clk 1:19:04]} 15. d4 {[%clk 1:24:11]} g6 {[%clk 1:13:38]} 16. d5 {[%clk
1:19:40]} b4 {[%clk 1:06:43]} 17. Ba4 {[%clk 1:12:18]} Nd7 {[%clk 1:04:45]} 18.
cxb4 {[%clk 1:10:53]} cxb4 {[%clk 1:03:40]} 19. Bd2 {[%clk 1:10:49]} Ba8 {[%clk
0:48:05]} 20. Bxb4 {[%clk 1:07:29]} Nb7 {[%clk 0:47:15]} 21. Rc1 {[%clk
1:04:02]} Qb6 {[%clk 0:39:02]} 22. Ba3 {[%clk 1:01:00]} Nbc5 {[%clk 0:36:22]}
23. Bxc5 {[%clk 0:57:38]} Nxc5 {[%clk 0:34:25]} 24. Bxe8 {[%clk 0:57:53]} Rxe8
{[%clk 0:34:52]} 25. Qd2 {[%clk 0:57:43]} Rb8 {[%clk 0:33:27]} 26. b3 {[%clk
0:52:02]} 1-0

[Event "DEM U18w 2020"]
[Site "Willingen GER"]
[Date "2020.10.24"]
[Round "7"]
[White "Albayrak, Berrak"]
[Black "Garbuz, Nicole"]
[Result "0-1"]
[Termination "normal"]
[Board "6"]
[WhiteElo "1433"]
[BlackElo "1719"]
[WhiteClock "00:18:49"]
[BlackClock "00:31:12"]
[PlyCount "38"]
[WhiteFideId "16241657"]
[BlackFideId "12990701"]
[EventCountry "GER"]
[EventRounds "7"]
[EventType "swiss"]
[EventDate "2020.10.19"]

1. e4 {[%clk 1:30:58]} e5 {[%clk 1:30:54]} 2. Nf3 {[%clk 1:31:23]} Nc6 {[%clk
1:31:17]} 3. Bc4 {[%clk 1:31:48]} Nf6 {[%clk 1:31:31]} 4. d3 {[%clk 1:32:07]}
h6 {[%clk 1:31:38]} 5. c3 {[%clk 1:32:06]} d6 {[%clk 1:31:05]} 6. Bb3 {[%clk
1:31:34]} Bg4 {[%clk 1:26:10]} 7. h3 {[%clk 1:27:16]} Bd7 {[%clk 1:25:02]} 8.
Nbd2 {[%clk 1:25:10]} g6 {[%clk 1:23:28]} 9. Nf1 {[%clk 1:14:41]} Bg7 {[%clk
1:18:36]} 10. Be3 {[%clk 1:10:16]} Qe7 {[%clk 1:10:39]} 11. Qd2 {[%clk
1:04:30]} O-O-O {[%clk 1:07:27]} 12. Bc2 {[%clk 0:53:14]} d5 {[%clk 1:03:09]}
13. b4 {[%clk 0:44:20]} dxe4 {[%clk 0:56:44]} 14. Bc5 {[%clk 0:43:10]} Qe8
{[%clk 0:54:51]} 15. N3h2 {[%clk 0:34:19]} exd3 {[%clk 0:52:35]} 16. Qxd3
{[%clk 0:32:33]} e4 {[%clk 0:41:47]} 17. Qg3 {[%clk 0:25:45]} Nd5 {[%clk
0:39:44]} 18. c4 {[%clk 0:24:04]} Ndxb4 {[%clk 0:30:51]} 19. Bxb4 {[%clk
0:18:49]} Nxb4 {[%clk 0:31:12]} 0-1

[Event "DEM U18w 2020"]
[Site "Willingen GER"]
[Date "2020.10.24"]
[Round "7"]
[White "Tornay, Haizea"]
[Black "Grining, Maria"]
[Result "1/2-1/2"]
[Termination "normal"]
[Board "7"]
[WhiteElo "1659"]
[BlackElo "1768"]
[WhiteClock "00:13:38"]
[BlackClock "00:06:33"]
[PlyCount "61"]
[WhiteFideId "16205758"]
[BlackFideId "16235037"]
[EventCountry "GER"]
[EventRounds "7"]
[EventType "swiss"]
[EventDate "2020.10.19"]

1. d4 {[%clk 1:30:58]} Nf6 {[%clk 1:30:53]} 2. c4 {[%clk 1:31:19]} e5 {[%clk
1:31:16]} 3. dxe5 {[%clk 1:31:44]} Ng4 {[%clk 1:31:41]} 4. Bf4 {[%clk 1:31:53]}
Nc6 {[%clk 1:31:48]} 5. Nf3 {[%clk 1:31:20]} Bb4+ {[%clk 1:31:52]} 6. Nbd2
{[%clk 1:27:58]} Qe7 {[%clk 1:31:38]} 7. e3 {[%clk 1:23:34]} Ncxe5 {[%clk
1:26:15]} 8. Nxe5 {[%clk 1:22:28]} Nxe5 {[%clk 1:26:33]} 9. a3 {[%clk 1:20:00]}
Bxd2+ {[%clk 1:25:54]} 10. Qxd2 {[%clk 1:19:04]} O-O {[%clk 1:23:44]} 11. Be2
{[%clk 1:11:56]} d6 {[%clk 1:23:07]} 12. O-O {[%clk 1:07:40]} Bf5 {[%clk
1:19:24]} 13. c5 {[%clk 0:58:25]} Rad8 {[%clk 1:00:20]} 14. Qd5 {[%clk
0:56:38]} Rfe8 {[%clk 0:54:17]} 15. Rfd1 {[%clk 0:39:30]} c6 {[%clk 0:47:54]}
16. cxd6 {[%clk 0:34:56]} cxd5 {[%clk 0:44:40]} 17. dxe7 {[%clk 0:35:19]} Rxe7
{[%clk 0:44:55]} 18. Bxe5 {[%clk 0:32:51]} Rxe5 {[%clk 0:44:44]} 19. Rd4 {[%clk
0:31:52]} Re4 {[%clk 0:29:35]} 20. Rad1 {[%clk 0:27:58]} Rxd4 {[%clk 0:23:52]}
21. Rxd4 {[%clk 0:25:14]} Rd7 {[%clk 0:16:46]} 22. Bb5 {[%clk 0:24:50]} Rc7
{[%clk 0:16:33]} 23. Rxd5 {[%clk 0:24:07]} Rc1+ {[%clk 0:16:06]} 24. Bf1 {[%clk
0:24:34]} g6 {[%clk 0:16:22]} 25. Rd2 {[%clk 0:23:00]} Be6 {[%clk 0:15:00]} 26.
f3 {[%clk 0:21:34]} Bc4 {[%clk 0:13:38]} 27. Rf2 {[%clk 0:19:42]} Re1 {[%clk
0:11:24]} 28. e4 {[%clk 0:18:01]} f5 {[%clk 0:08:38]} 29. exf5 {[%clk 0:17:04]}
gxf5 {[%clk 0:09:06]} 30. g3 {[%clk 0:16:57]} Rb1 {[%clk 0:06:33]} 31. b4
{[%clk 0:13:38]} 1/2-1/2

[Event "DEM U18w 2020"]
[Site "Willingen GER"]
[Date "2020.10.24"]
[Round "7"]
[White "Rempe, Janne"]
[Black "Mundt, Alexandra"]
[Result "0-1"]
[Termination "normal"]
[Board "8"]
[WhiteElo "1517"]
[BlackElo "1786"]
[WhiteClock "00:11:49"]
[BlackClock "00:00:58"]
[PlyCount "80"]
[WhiteFideId "16202392"]
[BlackFideId "16217276"]
[EventCountry "GER"]
[EventRounds "7"]
[EventType "swiss"]
[EventDate "2020.10.19"]

1. d4 {[%clk 1:30:52]} d5 {[%clk 1:30:45]} 2. Nf3 {[%clk 1:30:57]} Nf6 {[%clk
1:30:55]} 3. Bf4 {[%clk 1:30:37]} g6 {[%clk 1:28:37]} 4. e3 {[%clk 1:29:03]}
Bg7 {[%clk 1:26:54]} 5. c3 {[%clk 1:26:40]} O-O {[%clk 1:25:55]} 6. Nbd2 {[%clk
1:25:37]} Nbd7 {[%clk 1:15:36]} 7. Bd3 {[%clk 1:22:45]} Nh5 {[%clk 1:02:54]} 8.
Bg5 {[%clk 1:19:39]} Nhf6 {[%clk 0:53:01]} 9. h4 {[%clk 1:15:46]} c5 {[%clk
0:51:59]} 10. Bxf6 {[%clk 1:12:57]} Bxf6 {[%clk 0:48:36]} 11. g4 {[%clk
1:09:41]} e5 {[%clk 0:45:58]} 12. dxe5 {[%clk 1:09:16]} Nxe5 {[%clk 0:35:42]}
13. Nxe5 {[%clk 1:09:18]} Bxe5 {[%clk 0:36:10]} 14. h5 {[%clk 1:04:36]} d4
{[%clk 0:21:15]} 15. hxg6 {[%clk 1:01:49]} fxg6 {[%clk 0:10:18]} 16. Bc4+
{[%clk 0:59:56]} Kg7 {[%clk 0:09:51]} 17. Qe2 {[%clk 0:50:04]} dxe3 {[%clk
0:06:22]} 18. fxe3 {[%clk 0:38:50]} Bg3+ {[%clk 0:05:49]} 19. Kd1 {[%clk
0:38:55]} Rf2 {[%clk 0:05:39]} 20. Qd3 {[%clk 0:38:02]} Bxg4+ {[%clk 0:02:51]}
21. Kc2 {[%clk 0:33:34]} Qxd3+ {[%clk 0:01:51]} 22. Bxd3 {[%clk 0:33:35]} Bf5
{[%clk 0:00:59]} 23. Bxf5 {[%clk 0:31:12]} Rxf5 {[%clk 0:01:24]} 24. Ne4 {[%clk
0:30:31]} Bc7 {[%clk 0:01:10]} 25. Rad1 {[%clk 0:30:02]} Rd8 {[%clk 0:01:11]}
26. Rdg1 {[%clk 0:27:37]} Re8 {[%clk 0:00:49]} 27. Rh4 {[%clk 0:24:39]} b6 28.
Ng5 {[%clk 0:22:00]} h6 {[%clk 0:00:42]} 29. Ne4 {[%clk 0:21:10]} Rf3 {[%clk
0:00:47]} 30. Rhg4 {[%clk 0:20:05]} Re6 {[%clk 0:00:38]} 31. Kd3 {[%clk
0:17:29]} Rf7 {[%clk 0:00:42]} 32. Kc2 {[%clk 0:15:53]} Rfe7 {[%clk 0:00:44]}
33. Kd3 {[%clk 0:15:46]} Rd7+ {[%clk 0:01:06]} 34. Ke2 {[%clk 0:15:41]} Rde7
{[%clk 0:01:28]} 35. Kd3 {[%clk 0:15:52]} c4+ {[%clk 0:01:14]} 36. Kd4 {[%clk
0:15:57]} b5 {[%clk 0:01:11]} 37. Ng3 {[%clk 0:13:40]} Rd6+ {[%clk 0:01:01]}
38. Kc5 {[%clk 0:13:24]} Re5+ {[%clk 0:01:05]} 39. Kb4 {[%clk 0:13:46]} Ra6
{[%clk 0:00:34]} 40. b3 {[%clk 0:11:49]} Bd6# {[%clk 0:00:58]} 0-1